Statistiques concernant Culture Générale - Série 617

Cliquez ici pour prendre le quiz!

Statistiques générales

  • Ce quiz a été pris 72 fois
  • Le résultat moyen est 6 sur 10

Statistiques - réponses

QuestionRéponse% Correct
En langage SMS, quelle abréviation de 3 lettres est couramment utilisée à la place du mot "bonjour" ?BJR
94%
Lorsqu'il a foulé le sol de la Lune, Neil Armstrong a dit : "C'est un petit pas pour l'homme, un bond de géant pour...l'humanité
93%
Comment se prénomme la plus jeune des filles de Grace Kelly et du prince Rainier III de Monaco ?Stéphanie
91%
Quel ex-mannequin a sorti l'album : "Quelqu'un m'a dit", en 2002 ?Carla Bruni
84%
Dans quel département d'Île-de-France se situe la ville de Melun ?Seine-et-Marne
69%
Quelle classe d'animaux un entomologiste étudie-t-il ?insectes
60%
Quelle est la signification du "R" dans le sigle de la police nationale "C.R.S." ?Républicaine
54%
Quel auteur britannique a publié, au milieu du XIXe siècle, le roman : "Les Grandes Espérances" ?Charles Dickens
18%
Comment s'appelle la matière grasse sécrétée par la peau du mouton, et qui sert à fabriquer la lanoline ?suint
10%
Quelle commune des Alpes-Maritimes abrite le musée national Fernand Léger ?Biot
7%

Distribution des résultats

Percentile par nombre de réponses

% des personnes avec chaque résultat

Votre développement - résultats

Vous n’avez pas pris ce quiz